000 00319nam a22001337a 4500
008 170401b xxu||||| |||| 00| 0 eng d
020 _a03903995
041 _aeng
080 _a574
100 _a9
101 _aSHM
245 _aTHE NATIONAL ARBORETUM BOOK OF OUTSTANDING GARDEN PLANTS
_cHERITEAU, J
942 _2udc
_cBK
999 _c9411
_d9411